00658pab a2200193 454500008004000000100002500040245013200065260000900197300001300206362000800219650002300227650002000250700002200270773003500292908000600327909001000333999001700343952010400360180718b2013 xxu||||| |||| 00| 0 eng d aBrancaccio, Emiliano aSolvency rule versus taylor rule: An alternative interpretation of the relation between monetary policy and the economic crisis c2013 ap.17-33. aJan aEconomic recession aMonetary policy aFontana, Giuseppe aCambridge Journal of Economics aN a98909 c98908d98908 00104070aIIPAbIIPAd2018-07-19hVolume no: 37, Issue no: 1pAR99369r2018-07-19w2018-07-19yAR